000 01206nam a22003377a 4500
003 CHAP
005 20220329140724.0
008 971013s1935 r 00010 d
010 _a56532
011 _a57504
035 _a61659
040 _cCHAP
082 _a595.7
_bS56
100 0 0 _aSnodgrass, Robert Evans.
_9107235
245 _aPrinciples of insects morphology
260 _aNew York :
_bMcGraw-Hill,
_c1935
300 _a667 p.
_b: ilus.
590 _aBATCH-UPD
_b10
_c20130110
_lUCH01
_h0017
590 _aBATCH-UPD
_b10
_c20130110
_lUCH01
_h1925
590 _aBATCH-UPD
_b10
_c20130410
_lUCH01
_h1250
590 _aBATCH-UPD
_b10
_c20130914
_lUCH01
_h1646
590 _aCONVERSION
_b10
_c20130109
_lUCH01
_h1330
650 1 4 _aInsectos
_xAnatomĂ­a y fisiologĂ­a.
_958891
901 _aBK
942 _cLIBRO
949 _a595.7 S56
_bBC
_cLIBRO
_d-150888
_eLIBRO
_fc.2
_i61659
_si
949 _a595.7 S56
_bBC
_cLIBRO
_d33724000365821
_eLIBRO
_fc.6
_h27041
_i61659
_si
949 _a595.7 S56
_bBC
_cLIBRO
_d33724000900072
_eLIBRO
_fc.5
_h26258
_i61659
_si
949 _a595.7 S56
_bBC
_cLIBRO
_d33724000905675
_eLIBRO
_fc.7
_h27042
_i61659
_si
949 _a595.7 S56
_bBC
_cLIBRO
_d33724002317842
_eLIBRO
_fc.8
_h12036
_i61659
_si
999 _c56532
_d56532